000 00630nam a2200253 a 4500
001 nice12345678
003 IN_TiNIC
005 20260116012830.0
008 050524s1861 kana grd 000 0 urd
020 _a
_c100
082 0 0 _a491.4393
_bKAR
100 _aKareemuddin,
245 _aKareemul Lughat
260 _aKanpur
_bMatba-E-Razzaqi
_c1861
300 _a296p
500 _aincludes index and biblioraphy
505 2 _aprinted from The Muslim World, lxi, no.3, 1971
650 _aDictionary-Urdu
650 _aUrdu-Dictionary
700 1 _aKareemuddin,
902 _bRHR
942 _cBK
999 _c8562
_d8562